| 000 | 01779cam0 2200409 ib4500 | ||
|---|---|---|---|
| 001 | BY-BR0000-br20259396903 | ||
| 005 | 20260324152234.0 | ||
| 010 |
^a978-5-17-165176-3 ^bв переплете |
||
| 100 | ^a20251203d2025 d y0rusy50 ca | ||
| 101 | 1 |
^arus ^cnor |
|
| 102 | ^aRU | ||
| 105 | ^ay z 000ay | ||
| 109 | ^ama | ||
| 181 | 0 | ^ai4 | |
| 182 | 0 | ^an | |
| 200 | 1 |
^aАльма Френг и солнцеловы ^e[для среднего школьного возраста] ^fИда Т. Микельсен ^g[перевод с норвежского Я. Матросовой] |
|
| 203 |
^aТекст ^cнепосредственный |
||
| 210 |
^aМосква ^cWBooks! ^cАСТ ^d2025 |
||
| 215 |
^a299, [3] с. ^d22 см |
||
| 225 | 1 | ^aСерия "Альма Френг" | |
| 333 | ^a12+ | ||
| 345 | ^93000 экз. | ||
| 608 |
^aПРОЗА (лит. произведение) ^3BY-NLB-ar2648148 ^2BYGNR |
||
| 606 |
^aХУДОЖЕСТВЕННАЯ ЛИТЕРАТУРА ^3BY-NLB-ar37179 ^2DVNLB |
||
| 606 |
^aНОРВЕЖСКАЯ ЛИТЕРАТУРА ^3BY-NLB-ar20949 ^2DVNLB |
||
| 608 |
^aДЕТСКАЯ И ЮНОШЕСКАЯ ЛИТЕРАТУРА (художеств. произведение) ^3BY-NLB-ar9019 ^2BYGNR |
||
| 686 |
^a84(4Нор)-4 ^2rubbk |
||
| 690 |
^a1 ^2Base ^9BY-MI0000 ^xRSEK |
||
| 700 | 1 |
^aМикельсен ^bИ. Т. |
|
| 702 | 1 |
^aМатросова ^bЯ. Е. ^gЯна Евгеньевна ^cкандидат филологических наук ^cпереводчица ^3BY-SEK-ar13226974 ^4730 |
|
| 801 | 0 |
^aBY ^bBY-BR0000 ^c20251203 ^gRCR |
|
| 801 | 2 |
^aBY ^bBY-MI0000 ^c20260316 ^gRCR |
|
| 035 | ^a(BY-MI0000)BY-BR0000-br20259396903 | ||
| 899 | 0 |
^aBY-MI0000 ^iМ59 ^h84(4Нор) |
|